Normal view
MARC view
- هيئة الفتوى ولجنة الامور العامة فيها المكونة من كبار العلماء/الكويت
Entry Personal Name
001 - CONTROL NUMBER
- control field: 43709
003 - CONTROL NUMBER IDENTIFIER
- control field: JO-AjAnu
005 - DATE AND TIME OF LATEST TRANSACTION
- control field: 20230606081237.0
008 - FIXED-LENGTH DATA ELEMENTS
- fixed length control field: 230606|| aca||aabn | a|a d
040 ## - CATALOGING SOURCE
- Original cataloging agency: JO-AjAnu
- Transcribing agency: JO-AjAnu
100 ## - HEADING--PERSONAL NAME
- Personal name: هيئة الفتوى ولجنة الامور العامة فيها المكونة من كبار العلماء/الكويت
670 ## - SOURCE DATA FOUND
- Source citation: Work cat.: (JO-AjAnu)22378: هيئة الفتوى ولجنة الامور العامة فيها المكونة من كبار العلماء/الكويت, author, فتاوى المساجد والصلاة فيها